| 000 | 00000nam##2200000za#4500 |
| 001 | 9.648535 |
| 003 | CaOODSP |
| 005 | 20220901140031 |
| 007 | ta |
| 008 | 150407|2002||||xxc||||| f|0| 0 eng|d |
| 020 | |a0-662-32069-7 |
| 040 | |aCaOODSP|beng |
| 043 | |an-cn--- |
| 086 | 1 |aJ2-186/2002-2E |
| 110 | 1 |aCanada.|bJustice Canada. |
| 245 | 10|aChildren come first: a report to Parliament reviewing the provisions and operations of the Federal Child Support Guidelines : |bvolume 2 |
| 260 | |aOttawa - Ontario : |bJustice Canada |c2002. |
| 300 | |a238p. : |bgraphs, references, tables ; |c28 cm. |
| 563 | |aSoftcover |
| 590 | |a02-20|b2002-05-17 |
| 690 | 07|aChild support|2gcpds |
| 690 | 07|aChildren|2gcpds |
| 690 | 07|aReports|2gcpds |
| 690 | 07|aSocial policy|2gcpds |
| 775 | 08|tLes enfants d'abord: rapport au Parlement concernant les dispositions et l'application des Lignes directrices fédérales sur les pensions alimentaires pour enfants : |w(CaOODSP)9.681818 |
| 776 | 0#|tChildren come first : |w(CaOODSP)9.686293 |